Tepic International Airport Destinations (Tepic, Mexico) - Statistics

General Stats
  • This quiz has been taken 22 times
    13 since last reset
  • The average score is 5 of 8
Answer Stats
Airline Destination % Correct
Aeroméxico Connect Mexico City
100%
Viva Mexico City (AIFA)
100%
United Express Houston (Intercontinental)
88%
WestJet Calgary
63%
Volaris Los Angeles
63%
Air Canada Vancouver
63%
Volaris Tijuana
50%
Aéreo Servicio Guerrero Puerto Balleto
13%
No matching quizzes found
Score Distribution
Percent of People with Each Score
Percentile by Number Answered
Your Score History
You have not taken this quiz since the last reset